000
00355nam a2200157Ia 4500
005
20250425160943.0
008
250425s9999 xx 000 0 und d
041
_a
eng
082
_a
639.2
245
0
_a
DEFINITION AND CLASIFICATION OF FISHERY
250
_a
S.E.
260
_a
S.L.
260
_a
Sin Pais
_b
FAO
_c
1986
942
_c
01
010
_a
9184
999
_c
199559
_d
199559